|
|
|
|
| LEADER |
00000nam0a2200000 4500 |
| 001 |
262720 |
| 005 |
20240208105617.0 |
| 035 |
|
|
|a (RuTPU)RU\TPU\book\285703
|
| 090 |
|
|
|a 262720
|
| 100 |
|
|
|a 20140603d2014 k y0rusy50 ca
|
| 101 |
0 |
|
|a rus
|
| 102 |
|
|
|a RU
|
| 105 |
|
|
|a a dm 001zy
|
| 200 |
1 |
|
|a Сложные эфиры фенолокислот фенолгликозидов: общие методы синтеза и нахождение в коре Populus tremula (осины обыкновенной)
|e автореферат диссертации на соискание ученой степени кандидата химических наук
|e Спец. 02.00.03
|f Е. В. Степанова
|g Национальный исследовательский Томский политехнический университет (ТПУ) ; науч. рук. В. Д. Филимонов
|
| 210 |
|
|
|a Томск
|d 2014
|
| 215 |
|
|
|a 22 с.
|c ил.
|
| 300 |
|
|
|a Защита сост. 28.05 2014.
|
| 320 |
|
|
|a Библиогр.: с.20-22 (19 назв.).
|
| 452 |
|
1 |
|0 (RuTPU)RU\TPU\book\278953
|t Сложные эфиры фенолокислот фенолгликозидов: общие методы синтеза и нахождение в коре Populus tremula (осины обыкновенной)
|o автореферат диссертации на соискание ученой степени кандидата химических наук
|o спец. 02.00.03
|f Е. В. Степанова
|g Национальный исследовательский Томский политехнический университет (ТПУ), Институт физики высоких технологий (ИФВТ), Кафедра биотехнологии и органической химии (БИОХ) ; науч. рук. В. Д. Филимонов
|c Томск
|d 2014
|a Степанова, Елена Владимировна
|
| 606 |
1 |
|
|a Фармакологические препараты растительного происхождения
|x Синтез
|2 stltpush
|3 (RuTPU)RU\TPU\subj\73347
|9 86379
|
| 610 |
1 |
|
|a сложные эфиры
|
| 610 |
1 |
|
|a фенолокислоты
|
| 610 |
1 |
|
|a фенолгликозиды
|
| 610 |
1 |
|
|a растительное сырье
|
| 610 |
1 |
|
|a кора
|
| 610 |
1 |
|
|a осина
|
| 610 |
1 |
|
|a синтез
|
| 610 |
1 |
|
|a труды учёных ТПУ
|
| 610 |
1 |
|
|a авторефераты диссертаций
|
| 675 |
|
|
|a 661.12(04)
|v 3
|
| 686 |
|
|
|a 02.00.03
|2 oksvnk
|
| 700 |
|
1 |
|a Степанова
|b Е. В.
|c химик
|c ведущий инженер Томского политехнического университета
|f 1978-
|g Елена Владимировна
|3 (RuTPU)RU\TPU\pers\29588
|9 22602
|
| 702 |
|
1 |
|a Филимонов
|b В. Д.
|c химик
|c профессор Томского политехнического университета, доктор химических наук
|f 1945-
|g Виктор Дмитриевич
|3 (RuTPU)RU\TPU\pers\12908
|4 727
|9 3693
|
| 712 |
0 |
2 |
|a Национальный исследовательский Томский политехнический университет (ТПУ)
|c (2009- )
|3 (RuTPU)RU\TPU\col\15902
|
| 801 |
|
1 |
|a RU
|b 63413507
|c 20140603
|
| 801 |
|
2 |
|a RU
|b 63413507
|c 20140717
|g RCR
|
| 942 |
|
|
|c BK
|